Statistics for Most Popular Airports for the A380

Click here to take the quiz!

General Stats

  • This quiz has been taken 622 times
  • The average score is 16 of 20

Answer Stats

RoutesSeats (Monthly)Airport% Correct
14336,000London (Heathrow)
97%
37840,000Dubai
96%
7149,000New York City (JFK)
95%
14241,000Paris (CdG)
92%
10176,000Los Angeles
91%
6134,000Sydney
89%
248,000Tokyo (Narita)
88%
14231,000Frankfurt
87%
793,000Beijing (Capital)
84%
15229,000Singapore
83%
456,000Shanghai (Pudong)
78%
7115,000Hong Kong
77%
378,000Doha
75%
10160,000Seoul
75%
471,000Melbourne
72%
8165,000Bangkok
69%
458,000San Francisco
69%
246,000Kuala Lumpur
59%
348,000Auckland
47%
346,000Johannesburg
39%

Score Distribution

Percentile by Number Answered

Percent of People with Each Score

Your Score History

You have not taken this quiz